000 00402nam a2200181Ia 4500
008 100917s9999 xx 000 0 und d
082 _b49307
100 _aKarniK V. S.
245 _aM. N. Roy
260 _b---
_c1980
300 _a122
365 _b4.3
520 _aकादंबरी
630 _aM. N. Roy
650 _aकादंबरी
730 _aM. N. Roy
942 _cBOOK
999 _c654701
_d654698